[Event "FIDE Candidates 2026"]
[Site "Pegeia, Cyprus"]
[Date "2026.04.11"]
[Round "11.3"]
[White "Caruana, Fabiano"]
[Black "Sindarov, Javokhir"]
[Result "1/2-1/2"]
[WhiteElo "2795"]
[BlackElo "2745"]
[Annotator "Bojkov,Dejan"]
[PlyCount "115"]
[EventDate "2026.??.??"]

{[%evp 0,115,18,18,21,6,10,-32,-28,-23,-19,-23,-7,-7,44,38,24,-8,2,21,4,16,16,-14,3,-33,6,-3,-9,-46,-29,-36,-18,-19,-1,-52,-8,-79,-34,15,-17,-17,0,-52,0,-22,16,14,14,9,12,0,0,0,5,0,0,0,0,0,0,-2,33,33,83,77,82,74,82,76,82,82,76,73,169,50,20,30,28,-34,7,25,42,59,55,61,119,86,128,112,115,115,108,108,108,126,118,80,80,80,98,46,46,46,38,35,35,37,102,26,30,0,28,0,0,0,0,0]} 1. Nf3 {Crowther, Mark} d5 2. c4 e6 3. g3 Nf6 4. Bg2 Be7 {The tournament leader revealed that he was expecting the Catalan and prepared the following line for it.} 5. O-O O-O 6. d4 dxc4 7. Ne5 Nc6 8. Bxc6 bxc6 9. Nxc6 Qe8 10. Nxe7+ Qxe7 11. Be3 Nd5 12. Qc1 Rb8 13. Nc3 Nxe3 ({RR} 13... a5 {Crowther, Mark} 14. Rb1 Ba6 15. Rd1 Rfd8 16. f3 Rb4 17. Bf2 Rdb8 18. Rd2 f5 19. Rc2 Qd7 20. Be1 R4b7 21. Bf2 Nb4 22. Rd2 Nd5 23. Rc2 Nb4 24. Rd2 Nd5 25. Rc2 {½-½ (25) Theodorou,N (2639)-Sindarov,J (2726) chess.com INT 2026}) 14. Qxe3 Rxb2 {Crowther, Mark: '[#]'} 15. Rab1 $146 {Caruana knew that he was following a game of Theodorou, but this last move is a novelty. The American GM revealed that he did not prepare at all for the last two games.} ({In the predecessor, the Greek GM had chosen the wrong rook Crowther, Mark: 'RR'} 15. Rfb1 $6 {Which allowed} Rb6 $1 16. Nd5 Rxb1+ 17. Rxb1 Qd6 18. Nc3 h6 {And this was a better version of the game continuation.} 19. Rb5 Rd8 20. Rc5 Bb7 21. f3 Bd5 22. Qe5 Rd7 23. Qxd6 cxd6 {0-1 Theodorou $146 (2646)-Eljanov,P (2682) Bundesliga 2526 Germany 2025 (6.1)} 24. Rc8+ {Crowther, Mark} Kh7 25. Kf2 g5 26. e4 Bb7 27. Rxc4 d5 28. Ra4 Rc7 29. Ra3 Rc4 {Crowther, Mark: 'Theodorou,N (2646)-Eljanov,P (2682) St. Pauli GER 2026 0-1 (46)'} 30. Ke3 a5 31. exd5 exd5 32. Kd3 Ba6 33. Ke3 Bb7 34. Nb5 Ba6 35. Nd6 Rc6 36. Nxf7 Rc2 37. Nxg5+ hxg5 38. f4 Bc4 39. Rxa5 Rc3+ 40. Kd2 Rd3+ 41. Kc2 gxf4 42. Rxd5 f3 43. Rf5 Kg6 44. Rf4 Ra3 {0-1 Theodorou,N (2646)-Eljanov,P (2682) Bundesliga 2526 Germany 2025 (6.1)}) 15... Rxb1 ({Now} 15... Rb6 $2 {is a mistake as after} 16. Nd5 {Black cannot capture on b1 with a check.}) 16. Rxb1 a6 {\"This seems like a very important move, to stop the white rook from coming on the fifth rank.\" (Caruana) \" I knew this line up to here, computer says it is equal, but he is always playing for two results.\" (Sindarov)} 17. f3 {Crowther, Mark: 'This was the first move that was new. Caruana made it up over the board.'} Bd7 18. Kf2 {\"Natural, good moves.\" (Sindarov) Caruana is preparing for a possible endgame.} Bc6 {\"I knew I needed to place the bishop here and then the queen to d6, and then any move should be equal, but it is a little bit unpleasant.\" (Sindarov) Crowther, Mark: 'Sindarov knew the basic setup he wanted.'} 19. d5 {Crowther, Mark: '!'} Bd7 20. Rb7 ({Black’s idea was to exchange the pawn after} 20. dxe6 Bxe6 {\"and with the queens on the board I will have zero problem.\" (Sindarov)}) 20... Qd6 21. Ne4 Qxd5 22. Rxc7 e5 {\"Probably a wrong move.\" (Sindarov)} ({Black intended instead} 22... h6 {when he thought he would be fine after Crowther, Mark: 'was the main alternative Sindarov considered but he spotted a serious problem with it.'} 23. Qc5 ({\"But I did not like:\"} 23. Rc5 $3 Qd1 {When the Uzbek GM saw} (23... Qa8 {Crowther, Mark} 24. Nf6+) 24. Nf6+ $3 gxf6 (24... Kh8 25. Rh5 $1 {leads to the same.}) 25. Rh5 $1 {and it is mate.}) 23... Qxc5+ 24. Nxc5 Rc8 {\"and I think it should be equal.\" (Sindarov)}) (22... Rc8 $1 {is advocated by the machine, when after Crowther, Mark: 'was Nepomniachtchi's first reaction in commentary and he's just correct.'} 23. Rxc8+ Bxc8 24. Qb6 h6 {Black should be holding. Sindarov even mentioned ideas of sacrificing his bishop in order to get his c-passer in motion.}) 23. Qc5 Be6 {Perhaps this is inaccurate.} ({Black needs to look for the exchange of the rooks, and he seems to be closer to it after the simple-hearted:} 23... Qxc5+ $5 24. Nxc5 ({If} 24. Rxc5 Rc8 $1 {and Black executes his main idea.}) 24... Bc8 (24... Bh3 {(Crowther, Mark) this isn't a move a human would think of.}) 25. Ne4 Be6 26. Nd6 ({In comparison to the game} 26. Nc3 {means an extra tempo for Black who can use it with} Ra8) 26... f6 27. Nxc4 Rc8 $1 {It should be holdable.}) 24. Qxd5 Bxd5 25. Nc3 $1 {\"I was very happy when this endgame arose. It is risk-free, the knight on c3 can never be touched.\" (Caruana) Crowther, Mark: 'This isn't a very pleasant position now.'} Be6 26. Rc5 $1 {Softening the bishop and completely missed by Black.} ({He only expected} 26. Rc6 Ra8 {\"trying to survive somehow.\" (Sindarov)}) 26... f6 27. Rc6 {Crowther, Mark: 'Sindarov confessed to having missed this idea.'} Kf7 {Crowther, Mark: '?!'} ({It is interesting to see that the machine prefers to keep the other pawn with} 27... Bc8 28. Rxc4 {but this is obviously better for White.}) 28. Rxa6 Rb8 {Crowther, Mark: 'Going for counterplay but Sindarov was very worried he was lost here.'} 29. Ra7+ Kg6 (29... Kf8 {Crowther, Mark}) 30. Re7 ({It seems as this was a good moment to send the king in for the passer's support with} 30. Ke1 Rb2 31. Kd1 h5 32. a4 {when White is certainly better.}) 30... Rb6 {Crowther, Mark: 'Sindarov was extremely relieved to see this. He felt he should get enough counterplay now.'} 31. g4 {\"Maybe he does not need to play this move, as I got some chances from the kingside.\" (Sindarov) Crowther, Mark: '?!'} ({Black suggested instead a setup like} 31. Ke1 {Crowther, Mark: 'was Svidler's post-game suggestion helping to control the Rook counterplay.'} f5 32. h4 {followed by a king march towards the c2-square and then the a-passer is free to go. This would have been far more difficult to hold, if even possible.}) (31. h4 $5 {(Crowther, Mark) The engine suggestion.}) 31... h5 $1 {Searching for counterplay at once.} 32. gxh5+ Kh6 33. Ke1 Bf5 $1 {Sindarov already had the idea of transferring his rook to the seventh rank.} 34. Rc7 ({\"He cannot play:\"} 34. Kd2 Rd6+ 35. Kc1 {Due to} Rd7 $1 {(Sindarov) and Black gets his counterplay on the kingside as the king is ready to pick up the h5-pawn.}) (34. Kd1 Rd6+ {might lead to the same.}) 34... Be6 35. Kd2 Rd6+ {Executing his counterplay idea.} ({There was also the sit-and-wait policy} 35... Rb2+ 36. Kc1 Rb6) 36. Kc2 Rd7 $1 {The point $1 Black frees his king. Crowther, Mark: 'Sinadov realised he could take rooks off safely.'} 37. Rc6 ({Black is safe in the pure minor piece endgame thanks to his active king in the exemplary line} 37. Rxd7 Bxd7 38. a4 Kxh5 39. a5 Bc8 40. Nb5 Kh4 41. Nd6 Ba6 42. Nf5+ Kh3 43. Nxg7 Kxh2 44. Ne8 c3 $1 {And yes, the bishop is not bad at all $1}) 37... Bf7 38. a4 Ra7 $1 {\"And it is not easy to push his pawn.\" (Sindarov)} 39. Kb2 ({Nothing changes} 39. Rc5 Kxh5) 39... Kxh5 40. Ka3 {While debating about his counterplay between the king marches with …Kh5-g5 or …Kh5-h4, Sindarov realized that there is a much more practical option to reach the time control move.} Rb7 $1 {A mandatory move anyway. Crowther, Mark: '=!' Crowther, Mark: 'Precise and equal.'} (40... Kh4 $6 {might not do the job after} 41. Nb5 Rb7 42. Kb4 Kh3 43. Rc7 Bd5 44. a5 Kxh2 45. a6 Rb8 46. Kc5 $1) 41. Nb5 Kg5 $1 {The king is heading toward the e2-pawn, but would not mind supporting its own from the d2-square as well $1} 42. Rc5 ({The initial impression is that White is making decisive progress with} 42. Kb4 Kf4 43. a5 {Alas, there is} ({There was also} 43. Rc7 {To which Black planned} Rxc7 44. Nxc7 Ke3 45. a5 Kd2 $1 46. a6 c3 {(Sindarov)}) 43... Rxb5+ $3 44. Kxb5 Be8 45. a6 c3 46. a7 Bxc6+ 47. Kxc6 c2 48. a8=Q c1=Q+ $19 {And it is Black who is winning.}) 42... Kf4 43. a5 Ke3 {The counterplay is good enough for Black to keep his precious lead. Crowther, Mark: '!'} 44. a6 Rb6 45. a7 Ra6+ 46. Kb4 Be8 {Crowther, Mark: '!' Crowther, Mark: 'The only move.'} 47. Rc7 ({If} 47. Rc8 Bxb5 48. a8=Q Rxa8 49. Rxa8 c3 $3 {\"and only Black can play for a win.\" (Sindarov)}) 47... Kxe2 ({\"Probably if I take:\"} 47... Bxb5 48. Kxb5 Ra1 49. Kxc4 Kxe2 ({But in the studio, Svidler mentioned that} 49... g5 $3 {is a nice saving nuance, as Black can escape the checks after} 50. Kb3 Ra6 51. Rc3+ Kf2 $3) 50. Kb3 $3 {\"I am just losing.\" (Sindarov) Indeed, the king cannot hide itself from the checks.}) 48. Nc3+ Kxf3 49. Rxg7 e4 {The a7-passer is worth the bishop, especially when one gets these pretty passers $1} 50. Re7 f5 51. Rxe8 Rxa7 52. Rf8 Rh7 53. Rxf5+ Kg2 54. Nxe4 Kxh2 55. Nf6 ({Sindarov expected some more torture with} 55. Kxc4 {but it is also a draw, of course.}) 55... Rc7 56. Rc5 Rxc5 57. Kxc5 c3 58. Ng4+ {Crowther, Mark: '!'} 1/2-1/2

[Event "FIDE Candidates 2026"]
[Site "Pegeia, Cyprus"]
[Date "2026.04.11"]
[Round "11.4"]
[White "Praggnanandhaa R"]
[Black "Bluebaum, Matthias"]
[Result "1/2-1/2"]
[WhiteElo "2741"]
[BlackElo "2698"]
[Annotator "Crowther, Mark"]
[PlyCount "83"]
[EventDate "2026.??.??"]
[TimeControl "40/7200:1800+30"]

{[%evp 0,83,18,18,18,18,50,-2,14,6,34,4,1,13,7,20,43,-32,15,9,14,1,5,9,29,31,25,13,13,18,21,20,62,19,-12,-26,-5,-39,10,10,14,35,35,35,65,42,77,28,38,-4,37,-17,-2,25,21,21,34,34,34,-30,26,-62,-48,-44,0,0,0,0,0,-56,-67,-174,-95,-140,-140,-140,-91,-195,-91,-195,-191,-195,-181,0,0,-181]} 1. e4 e5 2. Nf3 Nf6 3. Nxe5 d6 4. Nd3 (4. Nf3 {Curiously, nobody has played the main move against Bluebaum's Petroff in this tournament.}) (4. Nc4 {has also been tried in this event.}) 4... Nxe4 5. Nc3 Nf6 ({RR} 5... Nxc3 6. dxc3 Be7 7. Be3 O-O 8. Qd2 Be6 9. O-O-O Nc6 10. Nf4 Bf5 11. g4 Bg6 12. f3 Ne5 13. Be2 b5 14. h4 Bxh4 15. Nxg6 Nxg6 16. f4 Re8 17. Bf3 Rb8 18. Bc6 Rf8 19. Bxa7 Bg3 20. Rdf1 {Mirzaliyeva,L (1762)-Vidruska,R (2050) chess.com INT 2026 1-0}) 6. Nf4 d5 ({RR} 6... c6 7. d4 d5 8. Bd3 Bd6 9. Qe2+ Qe7 10. Qxe7+ Kxe7 11. f3 Nbd7 12. Kf2 Nf8 13. Nce2 Bd7 14. h4 Re8 15. g4 h6 16. Bd2 Ne6 17. Nxe6 Bxe6 18. Nf4 Kd8 19. g5 Ng8 20. Nh5 Bf8 21. Rae1 {Mamedyarov,S (2817)-Yu,Y (2764) Chess.com INT 2019 ½-½ (90)}) 7. d4 Be7 8. Qf3 $146 ({RR} 8. Be3 c6 9. Bd3 Na6 10. a3 Nc7 11. f3 c5 12. b3 b6 13. O-O O-O 14. Qd2 Re8 15. Rfe1 Bd6 16. Bf2 Ne6 17. Nfxd5 Nxd5 18. Nxd5 cxd4 19. c4 dxc3 20. Nxc3 Ba6 21. Nd5 Bxd3 22. Qxd3 Bc5 {Dzagnidze,N (2510)-Tan,Z (2513) Kazan 2019 ½-½ (32)}) 8... c6 9. Bd3 O-O 10. h3 Na6 $6 (10... Nbd7 {Considering White's move in the game, this was an improvement.} 11. O-O Re8 {The knight goes to f8 and, as they say, \"there is no mate.\"} 12. Nce2 Nf8) 11. Bxa6 $1 bxa6 12. Nd3 a5 13. O-O Ba6 14. Re1 Re8 $2 (14... Bxd3 $1 {It was time to chop of this knight, before it gets to e5.}) 15. Bg5 $2 (15. Ne5 $1 {immediately was strongest, but we will see this move in the game.}) 15... Qb6 $2 {[%eval 168,16] [%wdl 962,38,0]} (15... Bxd3 $14 {[%eval 47,19] [%wdl 74,925,1] Again had to be played.} 16. Qxd3 Qc7) 16. Ne5 $1 $18 Rac8 (16... Bc8 {was a move suggested by Nepomniachtchi on the FIDE broadcast, intending the solid ...Be6. But Black is not in time.} 17. Nxf7 $1 Kxf7 18. Bxf6 Bxf6 19. Qh5+ {White wins.} g6 20. Qxh7+ Bg7 21. Rxe8) (16... Qxd4 17. Nxc6 {wins a piece.}) 17. Re3 {White already has a winning advantage.} Qxd4 18. Rae1 $2 {[%eval 37,19] [%wdl 46,953,1] A natural move and one that lets the advantage slip.} (18. Qf5 $1 $18 {[%eval 181,20] [%wdl 980,20,0] was the only winning move.} h6 19. Rd1 $1 (19. Bf4) 19... Qb4 20. Bxh6 $1 gxh6 (20... Qh4 {This was the saving move in the game, but here the queen on f5 allows} 21. Bg5) 21. Rg3+ {with a mating attack.}) 18... h6 $14 (18... Qb4 {allows us to show a beautiful queen sacrifice.} 19. Bxf6 Bxf6 20. Qxf6 $3 gxf6 21. Rg3+ Kf8 22. Nd7#) 19. Nd7 (19. Bxh6 Qh4 $1 {is the point that Bluebaum found. And if} 20. Bf4 $2 (20. Ng4 {is a bailout.} Nxg4 21. Qxg4 Qxh6 22. Rxe7) 20... d4 {wins.}) 19... Nxd7 20. Rxe7 Rxe7 21. Rxe7 Ne5 22. Qe3 Qb4 23. Qxe5 hxg5 24. b3 (24. Qxg5 $6 Qxb2 25. Qd2 Ra8 $15) (24. Rxa7 $5 Bb7 25. Ne2 $11 (25. Qxg5 $2 Qb6 $19)) 24... Rf8 25. Rc7 Qb6 {Until now, with lower time, Bluebaum has defended very well. We will skip to the potentially decisive moment.} 26. Na4 $40 Qb5 {[%eval 92,18] [%wdl 377,623,0]} (26... Qb4 $14 {[%eval 32,20] [%wdl 13,987,0]}) 27. Kh2 Qb4 28. c3 Qa3 29. Rxa7 Bb5 30. Nb6 Qxa2 $2 {[%eval 106,18] [%wdl 594,406,0]} (30... Qc5 $1 $11 {[%eval 14,23] [%wdl 4,995,1] The queen has to stay connected to the game, hitting the knight on b6 and the pawn on f2.} 31. Qe3 Qxe3 32. fxe3 Rb8) 31. Qe3 $1 $16 Qxb3 {[%eval 203,16] [%wdl 999,1,0]} (31... d4 $1 $16 {[%eval 107,20] [%wdl 606,394,0]} 32. Qxd4 (32. cxd4 Qe2) 32... Qxb3 {was best, again connecting the queen back into the game.} 33. Rxa5 {But White is still better. The threat is c4 and potentially going after the g5-pawn.}) 32. Nd7 $1 $18 Rc8 33. Ne5 $1 Re8 $2 {[%eval 459,16] [%wdl 1000,0,0] White is winning, but he's unable to find the finishing blow with just five minutes left for six moves.} (33... d4 $16 {[%eval 126,23] [%wdl 842,158,0]} 34. Qxg5 Bc4 (34... dxc3 $2 35. Nxf7 Qxf7 36. Rxf7 $18)) 34. Qf3 $2 {[%eval 0,47] [%wdl 1,997,2]} (34. Rxf7 $1 {wins.} Rxe5 {Removing the rook's defender.} 35. Qa7 {This is the point you have to see. The game just ends here.}) (34. Qxg5 {was the move Judit polgar suggested, and it does win.} Qxc3 35. f4 {But 34.Rxf7 is much, much cleaner.}) 34... d4 $1 $11 35. Nxf7 Rf8 36. Nh6+ gxh6 37. Qe4 Bd3 $1 {Bluebaum is just in time to defend.} 38. Qe5 (38. Qxd3 $4 Qb8+ {wins the rook.}) 38... Rf7 39. Ra8+ Rf8 40. Ra7 Rf7 41. Ra8+ Rf8 42. Ra7 {Praggnanandhaa, several pawns down, has to agree to the draw.} 1/2-1/2

[Event "FIDE Candidates 2026"]
[Site "Pegeia, Cyprus"]
[Date "2026.04.12"]
[Round "12.1"]
[White "Esipenko, Andrey"]
[Black "Praggnanandhaa, R.."]
[Result "1/2-1/2"]
[WhiteElo "2698"]
[BlackElo "2741"]
[Annotator "Crowther, Mark"]
[PlyCount "92"]
[EventDate "2026.??.??"]

{[%evp 0,92,28,-15,10,-25,-25,-30,0,-2,-2,-2,21,-8,64,11,0,-34,27,27,51,23,79,-55,83,4,49,49,31,28,21,5,7,11,11,11,11,5,5,0,0,0,12,-31,-9,-31,-36,-31,-35,-41,-36,-60,-26,-11,-10,-16,-16,-16,-8,-24,-22,-35,-35,-38,-36,-36,-36,-36,-36,-66,-65,-72,-59,-64,-48,-29,-20,-23,-1,0,0,-47,-1,-61,-18,-18,-18,-106,-69,-45,-42,-69,-53,-53,-57]} 1. c4 e6 2. g3 d5 3. Bg2 d4 4. Nf3 Nc6 5. O-O (5. d3 Bb4+ 6. Nbd2 a5 7. O-O Nf6 8. Ne4 Nxe4 9. dxe4 e5 10. Ne1 Be6 11. Qc2 Bxe1 12. Rxe1 O-O 13. Bd2 Qe7 14. b3 Rfd8 15. a3 Qc5 16. Rec1 Ra6 17. Qd3 Rb6 18. h4 h5 19. Kh2 f6 20. f4 Bg4 21. Bf3 Bxf3 22. exf3 exf4 23. gxf4 f5 24. Rg1 Ne7 25. b4 Qc6 26. c5 Rb5 27. Qc4+ Kf8 28. Rg5 axb4 29. axb4 b6 30. Rxh5 Ke8 31. Rg1 bxc5 32. Rxg7 Kd7 33. Rxe7+ {1-0 Martinez Alcantara,J (2656)-Xiong,J (2656) 3rd Thursday Feb 5th Chess.com INT blitz 2026 (5)}) 5... Nh6 6. e3 {[#]} ({RR} 6. d3 Nf5 7. Na3 Bxa3 8. bxa3 e5 9. Rb1 O-O 10. a4 Re8 11. Nd2 Nd6 12. Ba3 h5 13. h4 Nf5 14. Re1 Re6 15. Nf3 Rg6 16. Ng5 Rxg5 17. hxg5 Qxg5 18. Kh1 h4 19. g4 Ng3+ 20. fxg3 hxg3 {Carlsen,M (2837)-Xiong,J (2636) chess.com INT 2025 0-1}) 6... g6 $146 (6... Be7 7. d3 O-O 8. exd4 Nf5 9. d5 exd5 10. Nc3 dxc4 11. dxc4 Nd6 12. Qe2 Re8 13. Nd5 Bf8 14. Be3 Nf5 15. Rad1 Nxe3 16. fxe3 Bd7 17. Qf2 f6 18. Qc2 Qc8 19. Nh4 Bg4 20. Rde1 Nb4 21. Qb1 c6 22. Nf4 g5 23. h3 gxf4 24. hxg4 fxe3 25. a3 e2 26. Rf4 Qd7 27. Be4 Na6 28. Rxe2 Nc5 29. Nf5 Re5 30. b4 Ne6 31. Rff2 a5 32. c5 axb4 33. axb4 Ng5 34. Bg2 Qe6 35. Qd3 Nf7 36. Rxe5 {0-1 Matlakov,M (2673)-Maghsoodloo,P (2719) Budapest Hetenyi Memorial 2023 (4)}) ({RR} 6... Nf5 7. e4 Nfe7 8. e5 d3 9. a3 a5 10. b3 b6 11. Bb2 Bb7 12. Nc3 Nf5 13. Re1 h5 14. h4 Qd7 15. Ne4 Be7 16. Qb1 Rd8 17. Nfg5 Qc8 18. f4 a4 19. b4 Ncd4 20. Qxd3 Nb3 21. Qc2 {Melaa,S (2328)-Tari,A (2636) Bergen 2025 0-1 (46)}) ({RR} 6... Nf5 7. e4 Nfe7 8. e5 d3 9. b3 Nd4 10. Nxd4 Qxd4 11. Nc3 Qxe5 12. Bb2 Qd6 13. Nb5 Qd7 14. Be5 Ng6 15. Nxc7+ Kd8 16. Nxa8 Nxe5 17. c5 Bxc5 18. Rc1 Qd4 19. Qh5 f6 20. Kh1 Bd7 21. f4 {Liyanage,R (2384)-Cina',V (2316) Seville ESP 2026 ½-½ (85)}) ({RR} 6... Nf5 7. e4 Nd6 8. Qe2 f6 9. e5 Nf7 10. exf6 gxf6 11. d3 Be7 12. Nbd2 f5 13. Rb1 a5 14. b3 h5 15. Nh4 Bxh4 16. gxh4 Qxh4 17. f4 Bd7 18. a3 Rg8 19. Nf3 Qe7 20. Kh1 O-O-O 21. b4 {Vanapalli,V (2265)-Park,E (2393) Schaumburg USA 2023 1-0 (59)}) 7. b4 $1 {[%cal Bb2b4,Bb4b5][%mdl 32]} dxe3 8. Bb2 exf2+ 9. Rxf2 f6 10. b5 {[%mdl 1024]} Na5 11. Qe2 a6 12. Ng5 {[%mdl 64]} Bc5 {[%mdl 64]} 13. Ne4 $1 (13. Nxe6 $6 Bxf2+ 14. Kxf2 Bxe6 15. Qxe6+ Qe7 16. Qxe7+ Kxe7 $17) 13... Bxf2+ 14. Qxf2 Ng4 15. Nxf6+ Nxf6 16. Bxf6 Rf8 17. Bxd8 Rxf2 18. Kxf2 Kxd8 19. Na3 axb5 20. cxb5 Ra7 21. b6 cxb6 22. Nb5 Ra8 23. Nc3 Bd7 24. Rb1 Kc7 25. Rb4 {[%eval -43,17] [%wdl 0,975,25]} (25. Bf1 $11 {[%eval -4,22] [%wdl 1,997,2]}) 25... Rf8+ {[%eval -7,22] [%wdl 1,997,2]} (25... Nc6 $15 {[%eval -43,17] [%wdl 0,975,25]} 26. Rh4 h5) 26. Ke3 $11 Bc6 27. Be4 Kd6 28. Bd3 Kc5 29. a3 e5 30. Ne4+ Bxe4 31. Rxe4 {[%mdl 4096]} Nc6 32. a4 Kd6 33. Rc4 Rd8 34. h4 Rf8 35. Rc1 Nb4 36. Be4 Ra8 37. Rf1 Rxa4 38. Rf7 Ra3+ 39. d3 Nc2+ 40. Kf3 Nb4 41. Rxh7 {[%cal Of3e2]} Nxd3 42. Kg2 Ra2+ 43. Kg1 Ra1+ 44. Kg2 Ra2+ 45. Kg1 Ra1+ 46. Kg2 Ra2+ 1/2-1/2

[Event "FIDE Candidates 2026"]
[Site "Pegeia, Cyprus"]
[Date "2026.04.12"]
[Round "12.3"]
[White "Sindarov, Javokhir"]
[Black "Nakamura, Hikaru"]
[Result "1/2-1/2"]
[WhiteElo "2745"]
[BlackElo "2810"]
[Annotator "Crowther, Mark"]
[PlyCount "66"]
[EventDate "2026.??.??"]

{[%evp 0,66,28,28,20,4,10,10,4,10,17,-9,33,23,23,26,35,28,28,33,26,32,33,44,45,41,64,25,44,36,51,54,68,29,32,24,32,42,54,-19,47,45,69,49,65,45,46,45,45,44,52,42,36,1,-2,-2,0,0,12,0,23,0,8,0,16,0,1,0,10]} 1. d4 d5 2. c4 e6 3. Nf3 Nf6 4. Nc3 h6 {Nakamura repeats this unusual variation.} 5. g3 (5. cxd5 exd5 6. Bf4 Bd6 7. Bxd6 Qxd6 8. e3 Bf5 9. Nh4 Bh7 10. Bd3 O-O 11. Bxh7+ Kxh7 12. Qb3 Nbd7 13. O-O Rab8 14. a4 c6 15. a5 g6 16. Nf3 Kg7 17. Qa3 Ne8 18. a6 b5 19. Qxd6 Nxd6 20. Rfc1 Rfc8 21. b3 b4 22. Na4 Rb5 23. Ne1 c5 24. dxc5 Nxc5 25. Nxc5 Rcxc5 26. Rxc5 Rxc5 27. Nd3 Rb5 28. f3 Nc4 29. Kf2 Na5 30. Rc1 Nxb3 31. Rc7 d4 32. Rxa7 Nc5 33. Nxc5 Rxc5 34. exd4 Rc6 {1-0 Abdusattorov,N (2751)-Praggnanandhaa,R (2758) Tata Steel-A 88th Wijk aan Zee 2026 (2)}) 5... Be7 6. Bg2 O-O 7. O-O dxc4 8. Ne5 Nc6 $1 9. Bxc6 bxc6 10. Nxc6 Qe8 11. Nxe7+ Qxe7 12. Qa4 a5 13. Qxc4 Ba6 14. Qc5 Qxc5 15. dxc5 {[#]} Rfd8 $146 (15... Nd5 16. Re1 Nxc3 17. bxc3 f6 18. f3 Kf7 19. Kf2 Rfd8 20. Be3 Bc4 21. a3 Rab8 22. Rab1 e5 23. g4 Ke6 24. h4 Rb3 25. Rxb3 Bxb3 26. Rh1 Rd1 27. Rxd1 Bxd1 28. h5 c6 29. Bd2 a4 30. e4 Bb3 31. Be3 Bc4 32. f4 Bd3 33. Kf3 Bc2 34. f5+ Ke7 35. Bd2 Bd1+ 36. Kg3 Bc2 37. Kf3 Bd1+ 38. Kg3 Bc2 39. Kf3 {½-½ Firouzja,A (2757)-Liang,A (2684) Titled Tuesday intern op 04th Mar Late Chess.com INT blitz 2025 (9)}) ({RR} 15... Nd5 16. Re1 Nxc3 17. bxc3 e5 18. f3 a4 19. Rb1 Bc4 20. a3 Bb3 21. Rb2 Ra5 22. Be3 Rd8 23. Kf2 f6 24. Rc1 Kf7 25. Ke1 Ke6 26. c4 g5 27. Rd2 Raa8 28. Rd3 h5 29. Kd2 g4 30. f4 {Aditya,M (2595)-Tari,A (2623) Samarkand UZB 2023 ½-½ (37)}) ({RR} 15... Nd5 16. Re1 Nxc3 17. bxc3 f6 18. f3 Kf7 19. Kf2 Rfd8 20. Be3 Bc4 21. a3 Rab8 22. Rab1 e5 23. g4 Ke6 24. h4 Rb3 25. Rxb3 Bxb3 26. Rh1 Rd1 27. Rxd1 Bxd1 28. h5 c6 29. Bd2 a4 30. e4 {Firouzja,A (2757)-Liang,A (2684) chess.com INT 2025 ½-½ (39)}) ({RR} 15... Nd5 16. Nxd5 exd5 17. Re1 Rfe8 ({RR} 17... a4 18. Bd2 d4 19. Bf4 Rfe8 20. Rad1 Bxe2 21. Rxd4 c6 22. h3 Bf3 23. Re3 Rxe3 24. fxe3) 18. e3 a4 19. Bd2 Bc4 20. Bc3 f5 21. f3 c6 22. Kf2 Kf7 23. h4 h5 24. Red1 Re6 25. Rd4 g6 26. Rf4 Ke7 27. a3 Rf8 28. Rd1 Rf7 29. Rdd4 Ke8 30. Rxc4 {Atalik,S (2438)-Rohit,S (2215) Belgrade 2025 0-1 (69)}) 16. Re1 Nd5 17. Nxd5 Rxd5 18. Be3 a4 {[%mdl 1024]} 19. f3 f6 20. Kf2 c6 21. Red1 Bc4 {[%cal Oc4a2]} 22. Rd4 Rxd4 23. Bxd4 $11 {[%mdl 4096]} Rd8 24. Bc3 h5 25. Ke1 e5 26. Rd1 Rxd1+ 27. Kxd1 Bxa2 28. e4 Bb3+ 29. Kd2 Bc4 30. Ba5 Bb3 31. Bc3 Bc4 32. Ba5 Bb3 33. Bc3 Bc4 1/2-1/2